[Event "1. Bundesliga 2010/2011"]
[Site "St. Veit/Glan"]
[Date "2011.03.05"]
[Round "10"]
[Board "2"]
[White "Vavrak, Peter"]
[Black "Maiwald, Jens-Uwe"]
[Result "1-0"]
[WhiteElo "2466"]
[BlackElo "2468"]
[PlyCount "67"]
[EventDate "2010.11.19"]
[EventType "team"]
[EventRounds "11"]
[EventCountry "AUT"]
[WhiteTeam "ASVOE SK Lackenbach"]
[BlackTeam "Mayrhofen/Zillertal"]

1.Nf3 g6 2.c4 Bg7 3.Nc3 Nf6 4.g3 O-O 5.Bg2 Nc6 6.Rb1 d5 7.b3 d4 8.Na4 d3 9.e3
Nb4 10.O-O Nxa2 11.Ba3 a5 12.Nc5 Nb4 13.Ne1 c6 14.Bxb4 axb4 15.Ncxd3 Bf5 16.Qe2
Ra2 17.e4 Bg4 18.Qe3 Qa5 19.h3 Bc8 20.Nc1 Ra1 21.Rxa1 Qxa1 22.Nc2 Qa5 23.Nd3 Nd7
24.Ndxb4 c5 25.Nd5 Re8 26.f4 Bb2 27.Nc3 Nb8 28.Na4 Bg7 29.Nxc5 e5 30.fxe5 b6
31.Nd3 Qa2 32.Ndb4 Qb2 33.d4 Bf8 34.Nd5

[Event "1. Bundesliga 2010/2011"]
[Site "St. Veit/Glan"]
[Date "2011.03.05"]
[Round "10"]
[Board "3"]
[White "Gross, David"]
[Black "Bokros, Albert"]
[Result "1/2-1/2"]
[WhiteElo "2453"]
[BlackElo "2498"]
[PlyCount "63"]
[EventDate "2010.11.19"]
[EventType "team"]
[EventRounds "11"]
[EventCountry "AUT"]
[WhiteTeam "Mayrhofen/Zillertal"]
[BlackTeam "ASVOE SK Lackenbach"]

1.e4 c5 2.Nf3 e6 3.d4 cxd4 4.Nxd4 d6 5.Nc3 a6 6.a4 b6 7.Be2 Bb7 8.f4 Nd7 9.Bf3
Rc8 10.O-O Ngf6 11.Kh1 Be7 12.Qe2 Qc7 13.e5 Bxf3 14.Nxf3 Ng4 15.exd6 Bxd6 16.f5
e5 17.Ne4 Be7 18.h3 Ngf6 19.Nxf6+ Bxf6 20.c3 O-O 21.Be3 e4 22.Nd2 Qb7 23.Rad1 b5
24.axb5 axb5 25.Ra1 Rfe8 26.Ra5 b4 27.Ra7 Qd5 28.c4 Qc6 29.b3 Nc5 30.Ra5 Nd3
31.Rd5 Rcd8 32.Nxe4

[Event "1. Bundesliga 2010/2011"]
[Site "St. Veit/Glan"]
[Date "2011.03.05"]
[Round "10"]
[Board "4"]
[White "Hagara, Eduard"]
[Black "Hausner, Ivan"]
[Result "0-1"]
[WhiteElo "2407"]
[BlackElo "2430"]
[PlyCount "76"]
[EventDate "2010.11.19"]
[EventType "team"]
[EventRounds "11"]
[EventCountry "AUT"]
[WhiteTeam "ASVOE SK Lackenbach"]
[BlackTeam "Mayrhofen/Zillertal"]

1.e4 g6 2.d4 Bg7 3.Nc3 d6 4.Be3 c6 5.Qd2 b5 6.Bd3 Bb7 7.Nf3 Nd7 8.O-O a6 9.a4 b4
10.Ne2 a5 11.Ng3 e6 12.Rfe1 Ne7 13.Bf4 d5 14.Bh6 O-O 15.Bxg7 Kxg7 16.c3 bxc3
17.Qxc3 Qb6 18.Qd2 Ba6 19.Bxa6 Rxa6 20.Qg5 Ng8 21.h4 Qd8 22.Qd2 Qe7 23.Rac1 Rb8
24.exd5 cxd5 25.Rc7 Qd8 26.Rec1 Ngf6 27.h5 Ne8 28.R7c3 Rab6 29.R1c2 Nd6 30.Qf4
Nc4 31.b3 Rxb3 32.Rxb3 Rxb3 33.hxg6 hxg6 34.Ng5 Nf6 35.Rxc4 dxc4 36.N3e4 Rb1+
37.Kh2 Qh8+ 38.Nh3 Qb8

[Event "1. Bundesliga 2010/2011"]
[Site "St. Veit/Glan"]
[Date "2011.03.05"]
[Round "10"]
[Board "5"]
[White "Platzgummer, Fabian"]
[Black "Vass, Frantisek"]
[Result "1/2-1/2"]
[WhiteElo "2311"]
[BlackElo "2317"]
[PlyCount "59"]
[EventDate "2010.11.19"]
[EventType "team"]
[EventRounds "11"]
[EventCountry "AUT"]
[WhiteTeam "Mayrhofen/Zillertal"]
[BlackTeam "ASVOE SK Lackenbach"]

1.c4 e6 2.Nc3 d5 3.d4 Nf6 4.cxd5 exd5 5.Bg5 Be7 6.e3 c6 7.Qc2 O-O 8.Bd3 h6 9.Bh4
Re8 10.Nge2 Nbd7 11.O-O Nf8 12.Kh1 Ne6 13.Rad1 Ng4 14.Bg3 Bh4 15.h3 Bxg3 16.Nxg3
Nf6 17.b4 Bd7 18.a4 Rc8 19.Nf5 Qc7 20.Rc1 Qb8 21.Qb3 g6 22.Ng3 Qd6 23.a5 a6
24.Na4 Rcd8 25.Nc5 Bc8 26.Qc3 Ng5 27.Rce1 Kg7 28.f4 Nge4 29.Bxe4 dxe4 30.Qb2

[Event "1. Bundesliga 2010/2011"]
[Site "St. Veit/Glan"]
[Date "2011.03.05"]
[Round "10"]
[Board "6"]
[White "Stranz, Richard"]
[Black "Tabernig, Bernhard"]
[Result "0-1"]
[WhiteElo "2219"]
[BlackElo "2300"]
[PlyCount "42"]
[EventDate "2010.11.19"]
[EventType "team"]
[EventRounds "11"]
[EventCountry "AUT"]
[WhiteTeam "ASVOE SK Lackenbach"]
[BlackTeam "Mayrhofen/Zillertal"]

1.e4 e6 2.d4 d5 3.Nc3 Nf6 4.Bg5 dxe4 5.Nxe4 Be7 6.Bxf6 gxf6 7.Nf3 f5 8.Nc3 a6
9.Bc4 b5 10.Bb3 c5 11.dxc5 Qxd1+ 12.Rxd1 Bb7 13.a4 b4 14.Ne2 Nc6 15.Ned4 Nxd4
16.Rxd4 Bxc5 17.Rc4 Rc8 18.O-O Rg8 19.Nh4 Bd5 20.Rf4 Be4 21.Re1 Be7

[Event "1. Bundesliga 2010/2011"]
[Site "St. Veit/Glan"]
[Date "2011.03.05"]
[Round "10"]
[Board "2"]
[White "Bromberger, Stefan"]
[Black "Tuncer, Ufuk"]
[Result "1-0"]
[WhiteElo "2519"]
[BlackElo "2289"]
[PlyCount "95"]
[EventDate "2010.11.19"]
[EventType "team"]
[EventRounds "11"]
[EventCountry "AUT"]
[WhiteTeam "Wuestenrot SIR Salzburg"]
[BlackTeam "ASVOE VHS Poechlarn"]

1.e4 c5 2.Nf3 d6 3.d4 cxd4 4.Nxd4 Nf6 5.Nc3 a6 6.Be3 Ng4 7.Bc1 Nf6 8.f3 e5 9.Nb3
Be6 10.Be3 Be7 11.Qd2 O-O 12.O-O-O a5 13.Qe1 Qc8 14.a3 a4 15.Nd2 d5 16.exd5 Nxd5
17.Nxd5 Bxd5 18.Ne4 Bxe4 19.fxe4 Nc6 20.Qg3 Nd4 21.Bxd4 exd4 22.Rxd4 Ra5 23.Bd3
Bxa3 24.bxa3 Qc3 25.Rb4 Qxa3+ 26.Rb2 Qc5 27.Kb1 a3 28.Rb3 a2+ 29.Ka1 Rc8 30.e5
g6 31.Qf4 Qc7 32.Rf1 Rxe5 33.Kxa2 b5 34.Kb2 b4 35.Qxb4 Rc5 36.Qe4 Ra5 37.Ra1
Rxa1 38.Kxa1 Qa5+ 39.Kb2 Ra8 40.Kc1 Qg5+ 41.Kd1 Qh5+ 42.Kd2 Qg5+ 43.Ke2 Ra5
44.h4 Qh5+ 45.Kf2 Re5 46.Rb8+ Kg7 47.Qd4 Kh6 48.Rg8

[Event "1. Bundesliga 2010/2011"]
[Site "St. Veit/Glan"]
[Date "2011.03.05"]
[Round "10"]
[Board "3"]
[White "Kostic, Vladimir"]
[Black "Drabke, Lorenz"]
[Result "1-0"]
[WhiteElo "2448"]
[BlackElo "2454"]
[PlyCount "77"]
[EventDate "2010.11.19"]
[EventType "team"]
[EventRounds "11"]
[EventCountry "AUT"]
[WhiteTeam "ASVOE VHS Poechlarn"]
[BlackTeam "Wuestenrot SIR Salzburg"]

1.Nf3 d5 2.d4 Nf6 3.c4 c6 4.cxd5 cxd5 5.Nc3 Nc6 6.Bf4 a6 7.e3 Bg4 8.Bd3 e6 9.O-O
Be7 10.h3 Bxf3 11.Qxf3 O-O 12.Qd1 Rc8 13.Rc1 Na5 14.Na4 Ne4 15.Qe2 h6 16.f3 Nd6
17.Nc5 Rc7 18.b3 Bg5 19.Bg3 Nc6 20.f4 Bh4 21.Bh2 Qe7 22.g3 Bf6 23.Kh1 a5 24.g4
Rfc8 25.Bb1 Nb8 26.Qd3 g6 27.f5 exf5 28.gxf5 g5 29.Qd2 b6 30.Na4 Ne4 31.Rxc7
Rxc7 32.Qg2 Rb7 33.Bxe4 dxe4 34.Nc3 Nc6 35.Nd5 Qd8 36.Qxe4 Ra7 37.Rc1 Nb4
38.Nxf6+ Qxf6 39.Rc8+

[Event "1. Bundesliga 2010/2011"]
[Site "St. Veit/Glan"]
[Date "2011.03.05"]
[Round "10"]
[Board "4"]
[White "Geske, Julian"]
[Black "Weinzettl, Ernst"]
[Result "1-0"]
[WhiteElo "2329"]
[BlackElo "2330"]
[PlyCount "57"]
[EventDate "2010.11.19"]
[EventType "team"]
[EventRounds "11"]
[EventCountry "AUT"]
[WhiteTeam "Wuestenrot SIR Salzburg"]
[BlackTeam "ASVOE VHS Poechlarn"]

1.e4 e6 2.d4 d5 3.Nd2 Be7 4.Bd3 c5 5.dxc5 Nf6 6.Qe2 O-O 7.Ngf3 Nfd7 8.Nb3 a5
9.a4 Na6 10.exd5 Ndxc5 11.Nxc5 Nxc5 12.dxe6 Nxd3+ 13.Qxd3 Bxe6 14.Qxd8 Rfxd8
15.O-O Bf6 16.c3 Bb3 17.Be3 Rd5 18.Bd4 Be7 19.Rfe1 Bf8 20.Nd2 Bc2 21.Nc4 Rh5
22.Re3 Bb3 23.Nb6 Rd8 24.Rae1 Be6 25.Re5 Rh4 26.g3 Rhxd4 27.cxd4 Bb4 28.R1e4 Kf8
29.d5

[Event "1. Bundesliga 2010/2011"]
[Site "St. Veit/Glan"]
[Date "2011.03.05"]
[Round "10"]
[Board "5"]
[White "Rumpl, Erwin"]
[Black "Pitl, Gregory"]
[Result "1/2-1/2"]
[WhiteElo "2326"]
[BlackElo "2376"]
[PlyCount "43"]
[EventDate "2010.11.19"]
[EventType "team"]
[EventRounds "11"]
[EventCountry "AUT"]
[WhiteTeam "ASVOE VHS Poechlarn"]
[BlackTeam "Wuestenrot SIR Salzburg"]

1.Nf3 d5 2.c4 d4 3.e3 Nc6 4.exd4 Nxd4 5.Nxd4 Qxd4 6.Nc3 c6 7.d3 Nh6 8.Be3 Qd8
9.Be2 Nf5 10.d4 g6 11.Qd2 Bg7 12.Rd1 O-O 13.O-O Nxe3 14.fxe3 Qc7 15.Bf3 Bd7
16.Qf2 Rad8 17.Ne4 Bf5 18.Nc5 Bc8 19.Nd3 Bf5 20.Nc5 Bc8 21.Nd3 Bf5 22.Nc5

[Event "1. Bundesliga 2010/2011"]
[Site "St. Veit/Glan"]
[Date "2011.03.05"]
[Round "10"]
[Board "6"]
[White "Durakovic, Alman"]
[Black "Mittermayr, Gerhard"]
[Result "1/2-1/2"]
[WhiteElo "2223"]
[BlackElo "2172"]
[PlyCount "90"]
[EventDate "2010.11.19"]
[EventType "team"]
[EventRounds "11"]
[EventCountry "AUT"]
[WhiteTeam "Wuestenrot SIR Salzburg"]
[BlackTeam "ASVOE VHS Poechlarn"]

1.d4 f5 2.e4 fxe4 3.Nc3 Nf6 4.g4 h6 5.h3 d5 6.f3 e6 7.Bg2 Bd6 8.Nge2 exf3 9.Bxf3
Ne4 10.Nxe4 dxe4 11.Bxe4 Qh4+ 12.Kd2 Bd7 13.c4 Bc6 14.d5 exd5 15.cxd5 Bb5
16.Bg6+ Kd8 17.Kc2 Qf2 18.Re1 Nd7 19.Kb1 Ne5 20.Nd4 Ba6 21.Bf5 g6 22.Bc2 Kd7
23.Be3 Qg2 24.Ne6 Nf3 25.Be4 Raf8 26.Nxf8+ Rxf8 27.Qa4+ Kd8 28.Bxh6 Nd2+ 29.Bxd2
Qxd2 30.Rd1 Qh2 31.Bxg6 Be5 32.Bc2 Rf4 33.Qb3 Bc4 34.Qe3 Rf2 35.Qe4 Be2 36.Re1
Bf3 37.Qd3 Rd2 38.Qf5 Bd1 39.Qxe5 Bxc2+ 40.Kc1 Rd1+ 41.Rxd1 Qxe5 42.Kxc2 Qe2+
43.Kc3 Qe3+ 44.Rd3 Qc5+ 45.Kb3 Kd7

[Event "1. Bundesliga 2010/2011"]
[Site "St. Veit/Glan"]
[Date "2011.03.06"]
[Round "11"]
[Board "1"]
[White "Prusikin, Michael"]
[Black "Volokitin, Andrei"]
[Result "1/2-1/2"]
[WhiteElo "2541"]
[BlackElo "2677"]
[PlyCount "60"]
[EventDate "2010.11.19"]
[EventType "team"]
[EventRounds "11"]
[EventCountry "AUT"]
[WhiteTeam "Wuestenrot SIR Salzburg"]
[BlackTeam "SK Sparkasse Jenbach"]

1.Nf3 c5 2.g3 d5 3.Bg2 Nf6 4.O-O e6 5.d4 cxd4 6.Nxd4 Qc7 7.Nb5 Qc5 8.a4 a6 9.Be3
Qe7 10.N5a3 Nc6 11.c4 Qd8 12.Nc3 Bxa3 13.Rxa3 dxc4 14.Qxd8+ Nxd8 15.a5 Bd7
16.Na4 Bxa4 17.Rxa4 Rc8 18.Rc1 Nd5 19.Bd2 c3 20.bxc3 Nc6 21.Rb1 Rc7 22.c4 Nde7
23.Bb4 Kd7 24.Bxe7 Kxe7 25.Bxc6 bxc6 26.c5 Rd8 27.Rb6 Rd1+ 28.Kg2 Rc1 29.Rxa6
Rxc5 30.Rb6 Rb5

[Event "1. Bundesliga 2010/2011"]
[Site "St. Veit/Glan"]
[Date "2011.03.06"]
[Round "11"]
[Board "2"]
[White "Gyimesi, Zoltan"]
[Black "Bromberger, Stefan"]
[Result "1/2-1/2"]
[WhiteElo "2601"]
[BlackElo "2519"]
[PlyCount "60"]
[EventDate "2010.11.19"]
[EventType "team"]
[EventRounds "11"]
[EventCountry "AUT"]
[WhiteTeam "SK Sparkasse Jenbach"]
[BlackTeam "Wuestenrot SIR Salzburg"]

1.d4 d5 2.Bf4 Nf6 3.e3 Bf5 4.c4 c6 5.Nc3 Qb6 6.Qb3 dxc4 7.Bxc4 e6 8.Nf3 Qxb3
9.Bxb3 Nbd7 10.h3 Bb4 11.Ke2 Nd5 12.Nxd5 exd5 13.Nh4 Be6 14.Bc2 g6 15.Nf3 f6
16.g4 g5 17.Bh2 Kf7 18.a3 Be7 19.Nd2 h5 20.Bf5 a5 21.Bxe6+ Kxe6 22.a4 Bb4 23.Nf3
Nb6 24.b3 Rh7 25.Bg3 Rah8 26.Rhc1 hxg4 27.hxg4 Nc8 28.Ne1 Bd6 29.Bxd6 Nxd6
30.Nd3 Ne4

[Event "1. Bundesliga 2010/2011"]
[Site "St. Veit/Glan"]
[Date "2011.03.06"]
[Round "11"]
[Board "3"]
[White "Drabke, Lorenz"]
[Black "Schlosser, Philipp"]
[Result "1/2-1/2"]
[WhiteElo "2454"]
[BlackElo "2568"]
[PlyCount "72"]
[EventDate "2010.11.19"]
[EventType "team"]
[EventRounds "11"]
[EventCountry "AUT"]
[WhiteTeam "Wuestenrot SIR Salzburg"]
[BlackTeam "SK Sparkasse Jenbach"]

1.e4 c5 2.Nf3 Nc6 3.Bb5 Nf6 4.Nc3 Qc7 5.O-O Nd4 6.Re1 a6 7.Bf1 Ng4 8.g3 Nxf3+
9.Qxf3 Ne5 10.Qe3 e6 11.Bg2 d6 12.a4 Be7 13.Ne2 O-O 14.d4 cxd4 15.Nxd4 Nc6 16.c3
Na5 17.Rb1 Bd7 18.b3 Rfc8 19.c4 Nc6 20.Rd1 Nxd4 21.Qxd4 e5 22.Qd2 b5 23.cxb5
axb5 24.Ba3 bxa4 25.Bxd6 Bxd6 26.Qxd6 Qxd6 27.Rxd6 Be6 28.bxa4 Rxa4 29.h4 h6
30.Rdb6 Rc2 31.Rb8+ Kh7 32.R8b2 Rc3 33.Rb5 Ra2 34.R1b2 Rxb2 35.Rxb2 Kg6 36.Rb6
Kf6

[Event "1. Bundesliga 2010/2011"]
[Site "St. Veit/Glan"]
[Date "2011.03.06"]
[Round "11"]
[Board "4"]
[White "Acs, Peter"]
[Black "Geske, Julian"]
[Result "1-0"]
[WhiteElo "2601"]
[BlackElo "2329"]
[PlyCount "65"]
[EventDate "2010.11.19"]
[EventType "team"]
[EventRounds "11"]
[EventCountry "AUT"]
[WhiteTeam "SK Sparkasse Jenbach"]
[BlackTeam "Wuestenrot SIR Salzburg"]

1.e4 d5 2.exd5 Qxd5 3.Nc3 Qa5 4.d4 Nf6 5.Bd2 Bg4 6.Nf3 Qb6 7.Be2 Bxf3 8.Bxf3 Nc6
9.d5 Nd4 10.O-O O-O-O 11.a4 a6 12.a5 Qd6 13.Be3 Nxf3+ 14.Qxf3 e6 15.Bf4 Qd7
16.dxe6 Qxe6 17.Rfe1 Qf5 18.Re5 Qg4 19.Qe3 Bd6 20.h3 Qh4 21.Ra4 Rhe8 22.Bg3 Qxg3
23.Qxg3 Rxe5 24.f4 Bc5+ 25.Kh2 Re6 26.Qxg7 Re1 27.Qxf6 Bg1+ 28.Kg3 Rg8+ 29.Kh4
Re6 30.Qf5 Kb8 31.g4 Bf2+ 32.Kh5 Re3 33.g5

[Event "1. Bundesliga 2010/2011"]
[Site "St. Veit/Glan"]
[Date "2011.03.06"]
[Round "11"]
[Board "5"]
[White "Pitl, Gregory"]
[Black "Lehner, Oliver"]
[Result "1/2-1/2"]
[WhiteElo "2376"]
[BlackElo "2431"]
[PlyCount "27"]
[EventDate "2010.11.19"]
[EventType "team"]
[EventRounds "11"]
[EventCountry "AUT"]
[WhiteTeam "Wuestenrot SIR Salzburg"]
[BlackTeam "SK Sparkasse Jenbach"]

1.d4 Nf6 2.c4 g6 3.Nc3 d5 4.Qb3 dxc4 5.Qxc4 Bg7 6.e4 O-O 7.Be2 a6 8.Bf4 Nc6
9.Rd1 Nd7 10.Nf3 Nb6 11.Qc5 Nd7 12.Qc4 Nb6 13.Qc5 Nd7 14.Qc4

[Event "1. Bundesliga 2010/2011"]
[Site "St. Veit/Glan"]
[Date "2011.03.06"]
[Round "11"]
[Board "6"]
[White "Stangl, Markus"]
[Black "Durakovic, Alman"]
[Result "1-0"]
[WhiteElo "2443"]
[BlackElo "2223"]
[PlyCount "91"]
[EventDate "2010.11.19"]
[EventType "team"]
[EventRounds "11"]
[EventCountry "AUT"]
[WhiteTeam "SK Sparkasse Jenbach"]
[BlackTeam "Wuestenrot SIR Salzburg"]

1.Nf3 Nf6 2.c4 e6 3.g3 b6 4.Bg2 Bb7 5.O-O Be7 6.Nc3 O-O 7.Re1 c5 8.e4 d6 9.d4
cxd4 10.Nxd4 Qc7 11.Ndb5 Qc6 12.b3 a6 13.Nd4 Qc7 14.Bb2 Nbd7 15.f4 Rac8 16.Qe2
Rfd8 17.Rad1 Bf8 18.Kh1 Qb8 19.f5 e5 20.Nc2 Qa8 21.Nb4 Rc5 22.g4 h6 23.h4 Nh7
24.Bf3 b5 25.cxb5 axb5 26.Rg1 Rdc8 27.Ncd5 Bxd5 28.exd5 Be7 29.Qe1 Bd8 30.a3 Ba5
31.g5 hxg5 32.hxg5 Bxb4 33.Qxb4 Rc2 34.Bc1 Qa7 35.Qg4 e4 36.Bxe4 Ne5 37.Qh4 Re2
38.Rg2 Rxg2 39.Kxg2 Rxc1 40.Rxc1 Qe3 41.Rc8+ Nf8 42.Rxf8+ Kxf8 43.Qh8+ Ke7
44.f6+ gxf6 45.gxf6+ Kd7 46.Bf5+

[Event "1. Bundesliga 2010/2011"]
[Site "St. Veit/Glan"]
[Date "2011.03.06"]
[Round "11"]
[Board "1"]
[White "Varga, Zoltan"]
[Black "Farago, Ivan"]
[Result "1/2-1/2"]
[WhiteElo "2437"]
[BlackElo "2448"]
[PlyCount "93"]
[EventDate "2010.11.19"]
[EventType "team"]
[EventRounds "11"]
[EventCountry "AUT"]
[WhiteTeam "ASVOE SK Lackenbach"]
[BlackTeam "ASVOE VHS Poechlarn"]

1.e4 e6 2.d4 d5 3.Nc3 Bb4 4.e5 c5 5.a3 Bxc3+ 6.bxc3 Ne7 7.h4 Qc7 8.Bd2 Nbc6
9.Qg4 O-O 10.h5 f6 11.h6 g6 12.exf6 Rxf6 13.dxc5 Bd7 14.Nf3 Raf8 15.Qg3 e5
16.Be2 Nf5 17.Qh2 Qa5 18.Nxe5 Nxe5 19.Qxe5 Qxc5 20.Be3 Nxe3 21.fxe3 R6f7 22.Qd4
Rc8 23.Bf3 Be6 24.Kd2 Rfc7 25.Qxc5 Rxc5 26.Rhb1 b6 27.Rb2 Rxc3 28.a4 R3c5 29.a5
bxa5 30.Ra3 Kf7 31.Rb7+ Kf6 32.c3 Bg8 33.Rxa7 Kg5 34.R7xa5 Kxh6 35.Rxc5 Rxc5
36.Kd3 Kg5 37.Kd4 Rc4+ 38.Ke5 Rc8 39.Kd4 Rc4+ 40.Ke5 Rc8 41.Bxd5 Re8+ 42.Kd4
Bxd5 43.Ra5 Re4+ 44.Kd3 Re5 45.Kd4 Re4+ 46.Kd3 Re5 47.Kd4

[Event "1. Bundesliga 2010/2011"]
[Site "St. Veit/Glan"]
[Date "2011.03.06"]
[Round "11"]
[Board "2"]
[White "Tuncer, Ufuk"]
[Black "Vavrak, Peter"]
[Result "0-1"]
[WhiteElo "2289"]
[BlackElo "2466"]
[PlyCount "74"]
[EventDate "2010.11.19"]
[EventType "team"]
[EventRounds "11"]
[EventCountry "AUT"]
[WhiteTeam "ASVOE VHS Poechlarn"]
[BlackTeam "ASVOE SK Lackenbach"]

1.e4 e6 2.d4 d5 3.Nc3 Bb4 4.Nge2 dxe4 5.a3 Be7 6.g4 Bd7 7.Rg1 Bc6 8.g5 Nd7 9.Bf4
Nb6 10.Be5 Bf8 11.Nf4 Nd7 12.Qh5 Nxe5 13.dxe5 g6 14.Qg4 Bg7 15.Rd1 Qe7 16.Bg2
Bxe5 17.Nxe4 Bxb2 18.Nd3 Bxa3 19.Nd2 Bxg2 20.Rxg2 Bd6 21.Qa4+ Qd7 22.Qa1 e5
23.f3 Qh3 24.Qa4+ Kf8 25.Re2 Ne7 26.Qb5 Qh4+ 27.Kf1 Qxg5 28.Qxb7 Kg7 29.Ne4 Qh4
30.Ng3 Rhb8 31.Qa6 Rb6 32.Qa1 Nc6 33.f4 f6 34.c4 exf4 35.c5 fxg3 36.cxb6 gxh2
37.Kg2 Qg4+

[Event "1. Bundesliga 2010/2011"]
[Site "St. Veit/Glan"]
[Date "2011.03.06"]
[Round "11"]
[Board "3"]
[White "Bokros, Albert"]
[Black "Kostic, Vladimir"]
[Result "1/2-1/2"]
[WhiteElo "2498"]
[BlackElo "2448"]
[PlyCount "112"]
[EventDate "2010.11.19"]
[EventType "team"]
[EventRounds "11"]
[EventCountry "AUT"]
[WhiteTeam "ASVOE SK Lackenbach"]
[BlackTeam "ASVOE VHS Poechlarn"]

1.e4 c5 2.Nf3 Nc6 3.d4 cxd4 4.Nxd4 e5 5.Nb5 Nf6 6.N1c3 d6 7.Bg5 a6 8.Na3 b5
9.Nd5 Be7 10.Bxf6 Bxf6 11.c4 b4 12.Nc2 a5 13.g3 O-O 14.Bg2 Bg5 15.O-O Bb7 16.Qd3
Nb8 17.h4 Bh6 18.Rfd1 Nd7 19.Nde3 Nc5 20.Qxd6 Qxd6 21.Rxd6 Bxe4 22.Bxe4 Nxe4
23.Rd5 g6 24.Rxe5 Rfe8 25.Rxe8+ Rxe8 26.Rd1 b3 27.axb3 Rb8 28.Nd4 Bf8 29.Nd5 Kg7
30.Kg2 Nc5 31.b4 axb4 32.Nc6 Re8 33.Ncxb4 Re2 34.Rb1 Rd2 35.Kf3 Nb3 36.Na6 Rc2
37.Ne3 Rd2 38.Kg2 Re2 39.Kf1 Rd2 40.Kg1 h5 41.Nc7 Bc5 42.Ncd5 Kf8 43.Kf1 Rxd5
44.cxd5 Nd2+ 45.Ke2 Nxb1 46.Kd1 Bb4 47.Nf1 Ke7 48.f3 Kd6 49.Kc2 Kxd5 50.Kxb1 Kd4
51.Kc2 f5 52.Kb3 Be1 53.Kc2 Bb4 54.Kb3 Be1 55.Kc2 Bb4 56.Kb3 Be1

[Event "1. Bundesliga 2010/2011"]
[Site "St. Veit/Glan"]
[Date "2011.03.06"]
[Round "11"]
[Board "4"]
[White "Weinzettl, Ernst"]
[Black "Hagara, Eduard"]
[Result "1/2-1/2"]
[WhiteElo "2330"]
[BlackElo "2407"]
[PlyCount "47"]
[EventDate "2010.11.19"]
[EventType "team"]
[EventRounds "11"]
[EventCountry "AUT"]
[WhiteTeam "ASVOE VHS Poechlarn"]
[BlackTeam "ASVOE SK Lackenbach"]

1.d4 Nf6 2.Nf3 g6 3.Nc3 d5 4.Bf4 Bg7 5.e3 O-O 6.Be2 a6 7.Ne5 b6 8.h4 Bb7 9.h5
Nbd7 10.hxg6 hxg6 11.Bd3 Qc8 12.Qf3 Nxe5 13.dxe5 d4 14.Qg3 dxc3 15.exf6 cxb2
16.Rb1 exf6 17.Qh4 Re8 18.Bh6 f5 19.Bxg7 Kxg7 20.Qh6+ Kf6 21.Qh4+ Kg7 22.Qh6+
Kf6 23.Qh4+ Kg7 24.Ra1

[Event "1. Bundesliga 2010/2011"]
[Site "St. Veit/Glan"]
[Date "2011.03.06"]
[Round "11"]
[Board "5"]
[White "Vass, Frantisek"]
[Black "Rumpl, Erwin"]
[Result "0-1"]
[WhiteElo "2317"]
[BlackElo "2326"]
[PlyCount "66"]
[EventDate "2010.11.19"]
[EventType "team"]
[EventRounds "11"]
[EventCountry "AUT"]
[WhiteTeam "ASVOE SK Lackenbach"]
[BlackTeam "ASVOE VHS Poechlarn"]

1.f4 g6 2.e4 c5 3.d3 Bg7 4.c3 Nc6 5.Be3 d6 6.Nd2 Nf6 7.Be2 O-O 8.Bf3 Rb8 9.h3
Bd7 10.Ne2 b5 11.O-O b4 12.d4 bxc3 13.bxc3 cxd4 14.cxd4 Qb6 15.Kh1 Rfc8 16.e5
Ne8 17.Bg1 Qa6 18.Nb3 Nb4 19.Nec1 Bb5 20.Rf2 Bc4 21.Rd2 Bd5 22.Bxd5 Nxd5 23.Qf3
e6 24.Ne2 Rc4 25.Rc1 Ra4 26.Nc3 Nxc3 27.Qxc3 Rxa2 28.Rxa2 Qxa2 29.Na5 Bf8 30.Nc6
Rb2 31.Nb4 Qb3 32.Qc8 Qxb4 33.Qxe8 Qd2

[Event "1. Bundesliga 2010/2011"]
[Site "St. Veit/Glan"]
[Date "2011.03.06"]
[Round "11"]
[Board "6"]
[White "Mittermayr, Gerhard"]
[Black "Stranz, Richard"]
[Result "1-0"]
[WhiteElo "2172"]
[BlackElo "2219"]
[PlyCount "63"]
[EventDate "2010.11.19"]
[EventType "team"]
[EventRounds "11"]
[EventCountry "AUT"]
[WhiteTeam "ASVOE VHS Poechlarn"]
[BlackTeam "ASVOE SK Lackenbach"]

1.e4 c5 2.Nf3 Nc6 3.d4 cxd4 4.Nxd4 Qb6 5.Nb3 Nf6 6.Be3 Qc7 7.Nc3 e6 8.a3 a6 9.f4
d6 10.Be2 Be7 11.Bf3 O-O 12.g4 b5 13.g5 Nd7 14.a4 bxa4 15.Nxa4 Bb7 16.Qd2 Rac8
17.O-O Nd8 18.Nc3 Nc6 19.Bg2 Rfe8 20.Rf3 d5 21.exd5 Nb4 22.dxe6 fxe6 23.Rh3 Nb6
24.Na5 Bxg2 25.Qxg2 N6d5 26.Qe4 Nxe3 27.Qxh7+ Kf8 28.Qg6 Bc5 29.Rh8+ Ke7
30.Qxg7+ Kd8 31.Nb7+ Qxb7 32.Rxe8+

[Event "1. Bundesliga 2010/2011"]
[Site "St. Veit/Glan"]
[Date "2011.03.06"]
[Round "11"]
[Board "1"]
[White "Ruck, Robert"]
[Black "Lanka, Zigurds"]
[Result "1-0"]
[WhiteElo "2554"]
[BlackElo "2477"]
[PlyCount "75"]
[EventDate "2010.11.19"]
[EventType "team"]
[EventRounds "11"]
[EventCountry "AUT"]
[WhiteTeam "Styria Graz"]
[BlackTeam "Mayrhofen/Zillertal"]

1.d4 Nf6 2.c4 g6 3.Nf3 Bg7 4.g3 O-O 5.Bg2 d6 6.Nc3 a6 7.O-O Nc6 8.d5 Na5 9.b3 c5
10.dxc6 Nxc6 11.Bb2 Qa5 12.Qc1 Qh5 13.Qd2 Bh6 14.e3 Bg4 15.Nd4 Bh3 16.Nxc6 bxc6
17.Bxc6 Bxf1 18.Bxa8 Bxc4 19.Bg2 Be6 20.Ne2 Bg7 21.Nf4 Qb5 22.Rc1 Ne8 23.Nxe6
fxe6 24.Bh3 e5 25.Bf1 Qb6 26.Qd5+ Kh8 27.Qc6 Qb4 28.Qxa6 Nf6 29.Rc8 Nd7 30.Rxf8+
Nxf8 31.Qc4 Qe1 32.a4 h5 33.Bc3 Qb1 34.a5 e6 35.a6 d5 36.Qa4 d4 37.exd4 e4
38.Bd2

[Event "1. Bundesliga 2010/2011"]
[Site "St. Veit/Glan"]
[Date "2011.03.06"]
[Round "11"]
[Board "3"]
[White "Moser, Eva"]
[Black "Gross, David"]
[Result "1/2-1/2"]
[WhiteElo "2425"]
[BlackElo "2453"]
[PlyCount "142"]
[EventDate "2010.11.19"]
[EventType "team"]
[EventRounds "11"]
[EventCountry "AUT"]
[WhiteTeam "Styria Graz"]
[BlackTeam "Mayrhofen/Zillertal"]

1.d4 Nf6 2.Nf3 d5 3.c4 e6 4.Nc3 Bb4 5.Qa4+ Nc6 6.e3 O-O 7.Bd2 dxc4 8.Bxc4 a6
9.Qc2 Bd6 10.O-O e5 11.dxe5 Nxe5 12.Nxe5 Bxe5 13.f4 Bd6 14.Bd3 Qe7 15.Ne4 Nxe4
16.Bxe4 g6 17.Rae1 c6 18.Bf3 Bb4 19.Bxb4 Qxb4 20.e4 Rd8 21.Rd1 Be6 22.a3 Bb3
23.axb4 Bxc2 24.Rc1 Rd2 25.Rf2 Rxf2 26.Kxf2 Ba4 27.Ra1 Bb3 28.Ke3 f6 29.Kd4 Rd8+
30.Kc3 Be6 31.Rd1 Rc8 32.Rd6 Kf7 33.Kd4 Ke7 34.e5 Rf8 35.Be4 fxe5+ 36.fxe5 Rf2
37.Kc3 Bf5 38.Rf6 Re2 39.Bxf5 Rxe5 40.Bc8 Kxf6 41.Bxb7 Re1 42.Kd2 Rg1 43.Bxc6
Ke5 44.Kd3 Rd1+ 45.Kc2 Rh1 46.h3 Kd4 47.Kb3 Re1 48.Bb7 Re3+ 49.Ka4 Re2 50.Kb3 h5
51.Ka3 Rf2 52.Bf3 h4 53.Bb7 g5 54.Kb3 Ke5 55.Ka3 Kf4 56.Kb3 Kg3 57.Bxa6 Kxg2
58.Bc8 Rf3+ 59.Ka4 Rxh3 60.b5 Re3 61.b6 Re7 62.b7 Rxb7 63.Bxb7+ Kf2 64.Bc8 Kf3
65.b4 g4 66.b5 g3 67.b6 g2 68.Bb7+ Kf2 69.Bxg2 Kxg2 70.b7 h3 71.b8=Q h2

[Event "1. Bundesliga 2010/2011"]
[Site "St. Veit/Glan"]
[Date "2011.03.06"]
[Round "11"]
[Board "4"]
[White "Hausner, Ivan"]
[Black "Danner, Georg"]
[Result "1-0"]
[WhiteElo "2430"]
[BlackElo "2428"]
[PlyCount "53"]
[EventDate "2010.11.19"]
[EventType "team"]
[EventRounds "11"]
[EventCountry "AUT"]
[WhiteTeam "Mayrhofen/Zillertal"]
[BlackTeam "Styria Graz"]

1.d4 Nf6 2.c4 e6 3.Nc3 Bb4 4.f3 c5 5.a3 Bxc3+ 6.bxc3 d5 7.cxd5 exd5 8.e3 O-O
9.Bd3 b6 10.Ne2 Ba6 11.O-O Bxd3 12.Qxd3 Re8 13.Ng3 Nc6 14.Bb2 Rc8 15.Rae1 Qd7
16.Kh1 Na5 17.e4 Qc6 18.e5 Nd7 19.Nf5 cxd4 20.Qxd4 Re6 21.Qg4 g6 22.f4 b5 23.Nd4
Qa6 24.f5 Rxe5 25.fxg6 Nf6 26.gxf7+ Kh8 27.Rxe5